000 00516nam a2200193Ia 4500
005 20230204092501.0
008 131103s9999 xx 000 0 und d
040 _aLoreto College
041 _aEnglish
082 _a882
_bSOP
245 4 _aThe Antigone of Sophocles
_ctranslated by Lewis Campbell
260 _aLondon
_bT.Nelson
_c[19 - ?]
300 _a56 p.
440 _aThe Nelson Playbooks; No.300
650 _aSophocles,4496 -406 B.C.
700 _aCampbell,Lewis,tr.
850 _aLCLIB
942 _cBK
999 _c5857
_d56336